Normal view
MARC view
- Jones, Kumen H/ Price,Jean B/ Doran,Martha S
Entry Personal Name
001 - CONTROL NUMBER
- control field: 3423
003 - CONTROL NUMBER IDENTIFIER
- control field: JO-AjAnu
005 - DATE AND TIME OF LATEST TRANSACTION
- control field: 20230606070850.0
008 - FIXED-LENGTH DATA ELEMENTS
- fixed length control field: 230606|| aca||aabn | a|a d
040 ## - CATALOGING SOURCE
- Original cataloging agency: JO-AjAnu
- Transcribing agency: JO-AjAnu
100 ## - HEADING--PERSONAL NAME
- Personal name: Jones, Kumen H/ Price,Jean B/ Doran,Martha S
670 ## - SOURCE DATA FOUND
- Source citation: Work cat.: (JO-AjAnu)1787: Jones, Kumen H/ Price,Jean B/ Doran,Martha S, author, Introduction to accounting : a user perspective